| 000 | 00486nam a22001817a 4500 | ||
|---|---|---|---|
| 003 | CEME | ||
| 005 | 20210628202356.0 | ||
| 008 | 210120b xxu||||| |||| 00| 0 eng d | ||
| 020 | _a0-07-026745-6 | ||
| 040 | _cceme | ||
| 082 | _a621.3 HAR-P | ||
| 100 |
_aHarrington , Roger . F _959621 |
||
| 245 | _aTime-harmonic electromagnetic fields | ||
| 260 |
_aNEW YORK _bMCGRAW HILL _c1961 |
||
| 300 | _aXI,480P | ||
| 650 |
_aTIME-HARMONIC ELECTROMAGNETIC FIELDS _959622 |
||
| 942 |
_cBK _2ddc |
||
| 999 |
_c569554 _d569554 |
||